[Event "Wch U20 Girls"]
[Site "Zagan"]
[Date "1997.07.15"]
[Round "2"]
[White "Werner, Isabel"]
[Black "Vajda, Szidonia"]
[Result "1/2-1/2"]
[WhiteElo "2220"]
[BlackElo "2355"]

1.e4 c5 2.c3 Nf6 3.e5 Nd5 4.d4 cxd4 5.Nf3 e6 6.cxd4 b6 7.Nc3 Nxc3 8.bxc3 Qc7
9.Bd2 d6 10.Bd3 Bb7 11.O-O Nd7 12.Ng5 dxe5 13.Re1 Be7 14.Qh5 g6 15.Qh3 Bf6
16.Bb5 a6 17.Nxe6 fxe6 18.Qxe6+ Be7 19.Bg5 O-O-O 20.Bxe7 axb5 21.Bxd8 Kxd8
22.Rxe5 Qc6 23.Qxc6 Bxc6 24.Re3 Kc7 25.Re7 Kd6 26.Rae1 Bd5 27.a3 Nf6 28.Ra7 Rc8
29.Re3 Bg8 30.Rd3 Nd5 31.Ra6 Be6 32.h3 Bf5 33.Rf3 Rc7 34.g4 Bc8 35.Ra8 Ke7
36.a4 Nxc3 37.axb5 Ne2+ 38.Kh2 Nxd4 39.Re3+ Kf6 40.Re8 Be6 41.Rab8 Rc2 42.Rf8+ Kg7
43.Rf4 Ne2 44.Rb7+ Kh6 45.Re4 Bg8 46.Re8 Bc4 47.h4 Nd4 48.Kh3 g5 49.Rxb6+ Kg7
50.Re7+ Bf7 51.Kg2 gxh4 52.Rbb7 h3+ 53.Kg3 Rc3+ 54.Re3 Rc2 55.Ree7 Rc3+ 56.Re3 Rc2
57.Ree7  1/2-1/2

[Event "Wch U20"]
[Site "Zagan"]
[Date "1997.07.16"]
[Round "3"]
[White "Shaked, Tal"]
[Black "Blehm, Pawel"]
[Result "1/2-1/2"]
[WhiteElo "2500"]
[BlackElo "2400"]

1.e4 c5 2.c3 Nf6 3.e5 Nd5 4.d4 cxd4 5.Nf3 Nc6 6.Bc4 Nb6 7.Bb3 g6 8.Ng5 d5
9.exd6 e6 10.Qf3 Ne5 11.Qg3 Bg7 12.Ne4 h6 13.O-O Nc6 14.Na3 O-O 15.Nb5 dxc3
16.bxc3 Kh7 17.Rd1 Bd7 18.Nc7 Rb8 19.h4 e5 20.f3 Na8 21.Nd5 Nb6 22.Nc7 Na8
23.Nd5 Nb6 24.Nc7  1/2-1/2

[Event "Komercni Banka op"]
[Site "Pardubice"]
[Date "1997.07.17"]
[Round "1"]
[White "Onoprienko, Konstantin"]
[Black "Delchev, Aleksander"]
[Result "0-1"]
[WhiteElo "2305"]
[BlackElo "2525"]

1.e4 c5 2.c3 Nf6 3.e5 Nd5 4.Nf3 Nc6 5.Bc4 e6 6.O-O d6 7.d4 cxd4 8.cxd4 Be7
9.Nbd2 dxe5 10.dxe5 Nb6 11.Bb3 O-O 12.Ne4 Qxd1 13.Rxd1 Na5 14.Bc2 Bd7 15.Nd6 Bc6
16.Ng5 h6 17.Nge4 Nac4 18.f4 Rfd8 19.b3 Nxd6 20.exd6 Bf8 21.Ba3 Nd5 22.Re1 Nxf4
23.Rad1 Rac8 24.Rd2 Bd5 25.Rf2 f5 26.Bb1 Ng6 27.d7 Rxd7 28.Bxf8 Nxf8 29.Nd2 Rdc7
30.Bd3 Rc1 31.Re2 Ng6 32.Bc4 Rxe1+ 33.Rxe1 Rd8 34.Nf3 Bxc4 35.bxc4 Kf7 36.h4 Kf6
37.g3 Rd3 38.Kf2 e5  0-1

[Event "IRL-ch"]
[Site "Dublin"]
[Date "1997.07.19"]
[Round "8"]
[White "Brady, Stephen"]
[Black "O'Connell, Gerard"]
[Result "1-0"]
[WhiteElo "2325"]
[BlackElo "2170"]

1.e4 c5 2.c3 Nf6 3.e5 Nd5 4.d4 cxd4 5.Nf3 e6 6.Bc4 Nb6 7.Bb3 Nc6 8.cxd4 d5
9.O-O Be7 10.Nc3 Bd7 11.a3 a5 12.Qd3 a4 13.Ba2 Na5 14.Nd2 Rc8 15.f4 g6 16.Rf2 Nbc4
17.Nf1 Qb6 18.Ne3 Nb3 19.Bxb3 Qxb3 20.Nxc4 Rxc4 21.Be3 Bb5 22.Qd2 Bc6 23.Rf3 Qb6
24.Bf2 h5 25.Rc1 Kd7 26.Nd1 Rxc1 27.Qxc1 Rc8 28.Rc3 Qa6 29.Qd2 Bb5 30.Rxc8 Kxc8
31.Be1 Bc4 32.Qc1 Qb6 33.Bc3 Kd7 34.Qd2 Qb3 35.Ne3 Qa2 36.Qc1 Bd3 37.Bb4 Bxb4
38.axb4 Qb1 39.Qxb1 Bxb1 40.Nd1 Bd3 41.Nc3 b5 42.Kf2 Ke7 43.Nd1 Kf8 44.Ne3 Kg7
45.g4 Kh6 46.Kg3 hxg4 47.Nxg4+ Kg7 48.Kh4 Be2 49.Nf6 Bd3 50.Kg5 Be2 51.h4 Bd3
52.h5 gxh5 53.Nxh5+ Kf8 54.Kf6 Bf5 55.Ng3 Bg4 56.Nh1 Bh3 57.Nf2 Bf5 58.Nd1 Be4
59.Nc3 Bd3 60.f5 exf5 61.Nxd5 Ke8 62.Nf4 Be4 63.d5 Bc2 64.Nh5 Be4 65.e6 fxe6
66.dxe6 Bc6 67.Kxf5 Ke7 68.Ke5 Bf3 69.Ng3 Bg4 70.Nf5+ Kd8 71.Nd4 Ke7 72.Nc6+ Ke8
73.Kd6 Bh3 74.Nd4 Bf1 75.e7 Bc4 76.Nf5 Kf7 77.Ng7  1-0

[Event "Credis"]
[Site "Biel"]
[Date "1997.07.21"]
[Round "1"]
[White "Jenni, Florian"]
[Black "Gallagher, Joseph G"]
[Result "0-1"]
[WhiteElo "2260"]
[BlackElo "2525"]

1.e4 c5 2.c3 Nf6 3.e5 Nd5 4.d4 cxd4 5.Nf3 Nc6 6.cxd4 d6 7.Bc4 Nb6 8.Bb3 dxe5
9.Nxe5 Nxe5 10.dxe5 Qxd1+ 11.Bxd1 g6 12.f4 f6 13.exf6 exf6 14.Be3 Bf5 15.Kf2 Nd5
16.Ba4+ Kf7 17.Bb3 Be6 18.Rd1 Nxe3 19.Rd7+ Be7 20.Kxe3 Rhd8 21.Rxb7 Bxb3
22.axb3 Rd1 23.Ke2 Rh1 24.Rd7 a5 25.Rd1 Rxh2 26.Kf3 Rh5 27.Rd3 Rh1 28.b4 Bxb4
29.Rd7+ Ke6 30.Rb7 Rd8 31.Rb6+ Kf7 32.Rb7+ Kg8 33.b3 Rf1+ 34.Ke2 Rg1 35.Kf2 Rc1  0-1

[Event "Wch U20 Girls"]
[Site "Zagan"]
[Date "1997.07.21"]
[Round "7"]
[White "Vajda, Szidonia"]
[Black "Sergeeva, Maria"]
[Result "0-1"]
[WhiteElo "2355"]
[BlackElo "2165"]

1.e4 c5 2.c3 Nf6 3.e5 Nd5 4.d4 e6 5.Nf3 cxd4 6.cxd4 b6 7.Nc3 Bb7 8.Bd3 d6
9.O-O Be7 10.Ne4 Nc6 11.exd6 Bxd6 12.Qe2 Qd7 13.a3 O-O-O 14.Nxd6+ Qxd6 15.Ba6 Bxa6
16.Qxa6+ Kb8 17.Be3 f6 18.a4 g5 19.Rfc1 Na5 20.Nd2 Rc8 21.Qb5 Qb4 22.Ne4 Qxb5
23.axb5 Nb3 24.Rxc8+ Rxc8 25.Re1 Rc2 26.h4 h6 27.hxg5 hxg5 28.Nc3 Nxc3 29.bxc3 Rxc3
30.f4 g4 31.f5 exf5 32.Bf4+ Kc8 33.d5 Nd4 34.Kh2 Kd7 35.d6 Ne6 36.Bd2 Rc2
37.Bb4 Rb2 38.Bc3 Rxb5 39.Bxf6 Kxd6 40.Rc1 Rd5 41.Re1 a5  0-1

[Event "Wch U20"]
[Site "Zagan"]
[Date "1997.07.22"]
[Round "8"]
[White "Zulfugarli, Magomed"]
[Black "Gershon, Alik"]
[Result "1/2-1/2"]
[WhiteElo "2380"]
[BlackElo "2420"]

1.e4 c5 2.c3 Nf6 3.e5 Nd5 4.d4 cxd4 5.Nf3 Nc6 6.Bc4 Nb6 7.Bb3 d6 8.exd6 Qxd6
9.O-O Be6 10.Na3 Bxb3 11.axb3 e6 12.Nb5 Qd7 13.Nfxd4 Nxd4 14.Nxd4 Bc5 15.Be3 Be7
16.Nf5 exf5 17.Bxb6 Qxd1 18.Rfxd1 a6 19.Re1 Rc8 20.Rad1 f6 21.b4 Rf8 22.g3 f4
23.gxf4 f5 24.Rd6 Rf7 25.Kf1 g6 26.Re3 Kf8 27.Rd7 Rc6 28.Rdxe7 Rxe7 29.Bc5 Rxc5
30.Rxe7 Rxc3 31.Rxh7 Rc1+ 32.Kg2 b5 33.Ra7 Rc4 34.Rxa6 Kg7 35.Kg3 Rxb4 36.Ra2 Rb3+
37.f3 Rb4 38.Ra7+ Kh6 39.Ra2 Rb3 40.Kf2 g5 41.Kg3 Rb4 42.Ra8 Rxf4 43.Ra6+ Kg7
44.Ra7+ Kg6 45.Ra6+ Kf7 46.Ra7+ Kf6 47.Ra6+ Ke5 48.Rg6 Kd4 49.Rd6+ Ke3 50.Re6+  1/2-1/2

[Event "Wch U20 Girls"]
[Site "Zagan"]
[Date "1997.07.22"]
[Round "8"]
[White "Werner, Isabel"]
[Black "Peptan, Corina"]
[Result "1-0"]
[WhiteElo "2220"]
[BlackElo "2425"]

1.e4 c5 2.c3 Nf6 3.e5 Nd5 4.d4 cxd4 5.Nf3 d6 6.cxd4 Nc6 7.Bc4 Nb6 8.Bb3 dxe5
9.Nxe5 Nxe5 10.dxe5 Qxd1+ 11.Kxd1 Bf5 12.Ke2 e6 13.Rd1 Be4 14.Nc3 Bc6 15.f4 Bb4
16.g3 Ke7 17.Be3 Nd7 18.Rac1 Rhc8 19.a3 Ba5 20.Ba2 a6 21.b4 Bc7 22.a4 b5
23.a5 g5 24.Bb1 gxf4 25.gxf4 f5 26.Ba2 Bb7 27.Kf2 Bb8 28.Ne2 Bc7 29.Rg1 Kf7
30.Nd4 Nf8 31.Nxf5 Ng6 32.Rgd1 Nf8 33.Bc5 Ng6 34.Kg3 Rd8 35.Nh6+ Kg7 36.Ng4 h5
37.Ne3 h4+ 38.Kg4 Be4 39.Bxe6 Rab8 40.Rxd8 Rxd8 41.Be7 Nxe7 42.Rxc7 Kf8 43.Rd7 Rb8
44.Kxh4 Bc6 45.Rd6 Be4 46.Rxa6 Nc6 47.Bd5 Bxd5 48.Nxd5 Nd4 49.Rb6 Rd8 50.Nc7 Nf3+
51.Kg4 Nxh2+ 52.Kf5  1-0

[Event "Komercni Banka op"]
[Site "Pardubice"]
[Date "1997.07.23"]
[Round "7"]
[White "Romanovich, Leonid"]
[Black "Lingnau, Carsten"]
[Result "0-1"]
[WhiteElo "2350"]
[BlackElo "2425"]

1.e4 c5 2.c3 Nf6 3.e5 Nd5 4.d4 cxd4 5.Qxd4 e6 6.Nf3 Nc6 7.Qe4 d6 8.Bb5 Bd7
9.c4 Nb6 10.exd6 Bxd6 11.Be3 Bb4+ 12.Nbd2 a6 13.Bxc6 Bxc6 14.Qg4 Bxf3 15.Qxg7 Rf8
16.gxf3 Nxc4 17.Rd1 Qd3 18.Qd4 Qxd4 19.Bxd4 Bxd2+ 20.Rxd2 Nxd2 21.Kxd2 Rd8
22.Ke3 Rd5 23.Rg1 Ke7 24.Bc3 a5 25.Rg4 Rc8 26.h4 h5 27.Rg7 b6 28.f4 Rc4 29.Be5 Rc2
30.Rh7 Rdd2 31.Rxh5 Rxf2 32.Rh8 Rxb2 33.Bxb2 Rxb2 34.Rb8 Kf6 35.Rb7 b5 36.a3 Rb3+
37.Ke4 b4 38.a4 Ra3 39.Rb5 Rxa4 40.h5 b3+ 41.Kd3 Rb4  0-1

[Event "Komercni Banka op"]
[Site "Pardubice"]
[Date "1997.07.23"]
[Round "7"]
[White "Sermek, Drazen"]
[Black "Seder, Nicolae"]
[Result "1/2-1/2"]
[WhiteElo "2565"]
[BlackElo "2215"]

1.e4 c5 2.c3 Nf6 3.e5 Nd5 4.Nf3 Nc6 5.d4 cxd4 6.cxd4 e6 7.Bc4 Nb6 8.Bd3 Nb4
9.Be2 d5 10.Nc3 h6 11.O-O Be7 12.a3 Nc6 13.Bd3 Bd7 14.b3 a6 15.Be3 Na5 16.Bd2 Rc8
17.Ne2 Na8 18.Re1 Bb5 19.Bc2 Bxe2 20.Rxe2 g6 21.Ne1 Nc6 22.Be3 Nc7 23.a4 Nb4
24.Bb1 a5 25.g3 h5 26.h4 Nca6 27.Ng2 Qc7 28.Nf4 Rg8 29.Kg2 Kd7 30.Rd2 Qc3
31.Bd3 Nxd3 32.Nxd3 Qc7 33.Qf3 Ke8 34.Rc1 Qd7 35.Rdc2 Rxc2 36.Rxc2 Nb8 37.Bg5 Bxg5
38.hxg5 Nc6 39.Nc5 Qe7 40.Qc3 Kf8 41.Qe3 Nb4 42.Rc3 Na2 43.Rc2 Nb4 44.Rc1 b6
45.Nd3 Nxd3 46.Qxd3 Qxg5 47.Rc6 Kg7 48.Rxb6 h4 49.Qf3  1/2-1/2

[Event "Credis"]
[Site "Biel"]
[Date "1997.07.25"]
[Round "4"]
[White "Jenni, Florian"]
[Black "Kobalija, Mihail"]
[Result "1/2-1/2"]
[WhiteElo "2260"]
[BlackElo "2495"]

1.e4 c5 2.c3 Nf6 3.e5 Nd5 4.d4 cxd4 5.Nf3 Nc6 6.Bc4 Nb6 7.Bb3 d6 8.exd6 Qxd6
9.O-O Be6 10.Bxe6 Qxe6 11.Nxd4 Nxd4 12.Qxd4 Rd8 13.Qh4 Qc4 14.Qxc4 Nxc4 15.b3 Ne5
16.Be3 a6 17.Bb6 Rd3 18.Re1 e6 19.Kf1 Nc6 20.Ke2 Rd5 21.Nd2 Rb5 22.Be3 Rh5
23.h3 Be7 24.Red1 O-O 25.Nf3 Rd8 26.c4 Kf8 27.Bb6 Rxd1 28.Rxd1 Ke8 29.Rh1 Ne5
30.Nxe5 Rxe5+ 31.Kd3 Bc5 32.Bxc5 Rxc5 33.Rd1 Kd7 34.b4 Rh5 35.Kc3+ Kc7 36.Rd3 Rg5
37.g3 Rf5 38.f4 b6 39.Kd4 f6 40.Ke4 g5 41.Rf3 b5 42.c5 gxf4 43.Rxf4 Re5+
44.Kf3 a5 45.a3 Re1 46.Kf2 Ra1 47.Rxf6 Ra2+ 48.Ke1 Rxa3 49.bxa5 Rxg3 50.Rh6 Kc6
51.Rxh7 Ra3 52.Re7 Kd5 53.c6 Kxc6 54.Rxe6+ Kd5 55.Rg6 Rxa5 56.Kd2 Kc4 57.Kc2 Ra2+
58.Kb1 Rh2 59.Rg3  1/2-1/2

[Event "Komercni Banka op"]
[Site "Pardubice"]
[Date "1997.07.25"]
[Round "9"]
[White "Sermek, Drazen"]
[Black "De Boer, Sybolt"]
[Result "1-0"]
[WhiteElo "2565"]
[BlackElo "2290"]

1.e4 c5 2.c3 Nf6 3.e5 Nd5 4.Nf3 e6 5.d4 cxd4 6.cxd4 b6 7.Nc3 Nxc3 8.bxc3 Qc7
9.Bd2 d6 10.Bd3 Nd7 11.Ng5 Bb7 12.O-O dxe5 13.Qh5 g6 14.Qh3 Bg7 15.Rae1 Nf6
16.Bb5+ Kf8 17.Rxe5 h6 18.Nxe6+ fxe6 19.Qxe6 Qf7 20.Qxf7+ Kxf7 21.Bc4+  1-0

[Event "AUT-ch"]
[Site "Moesern"]
[Date "1997.08.03"]
[Round "2"]
[White "Brestian, Egon"]
[Black "Stanec, Nikolaus"]
[Result "1-0"]
[WhiteElo "2440"]
[BlackElo "2465"]

1.e4 c5 2.c3 Nf6 3.e5 Nd5 4.d4 cxd4 5.Nf3 e6 6.cxd4 b6 7.Bd3 Ba6 8.O-O Bxd3
9.Qxd3 Be7 10.Nc3 Nxc3 11.bxc3 d5 12.exd6 Qxd6 13.Ba3 Qc7 14.Bxe7 Kxe7 15.d5 Qd6
16.c4 Nd7 17.Nd4 Ne5 18.Qe2 Rhc8 19.Nb5 Qb8 20.d6+ Kf6 21.Qb2  1-0

[Event "MK Cafe op-A"]
[Site "Koszalin"]
[Date "1997.08.04"]
[Round "2"]
[White "Estrada Nieto, Julian"]
[Black "Koc, Przemyslaw"]
[Result "1/2-1/2"]
[WhiteElo "2420"]
[BlackElo "2245"]

1.e4 c5 2.c3 Nf6 3.e5 Nd5 4.Nf3 e6 5.Bc4 Nb6 6.Bb3 d6 7.d4 dxe5 8.Nxe5 N8d7
9.Qe2 Nxe5 10.dxe5 Bd7 11.O-O Qc7 12.c4 Be7 13.Nc3 a6 14.f4 O-O-O 15.Bd2 Kb8
16.f5 Ka8 17.a4 Rhf8 18.a5 Nc8 19.Bc2 Na7 20.fxe6 Bxe6 21.Be4 Nc6 22.Bf4 Nd4
23.Qd3 Nb3 24.Nb5 axb5 25.Qxb3 Rd4 26.Qf3 Rxc4 27.a6 Ra4 28.axb7+ Kb8 29.Rxa4 bxa4
30.Ra1 Qd7 31.Qc3 Rd8 32.Be3 Qb5 33.Re1 Bd5 34.Bxd5 Rxd5  1/2-1/2

[Event "MK Cafe op-A"]
[Site "Koszalin"]
[Date "1997.08.05"]
[Round "4"]
[White "Estrada Nieto, Julian"]
[Black "Brodsky, Michail"]
[Result "1/2-1/2"]
[WhiteElo "2420"]
[BlackElo "2545"]

1.e4 c5 2.c3 Nf6 3.e5 Nd5 4.Nf3 d6 5.d4 cxd4 6.cxd4 Nc6 7.Bc4 Nb6 8.Bb5 dxe5
9.Nxe5 Bd7 10.Nc3 Nxe5 11.dxe5 Bxb5 12.Nxb5 a6 13.Qxd8+ Rxd8 14.Nc3 Nc4 15.f4 e6
16.Ke2 Bb4 17.Ne4 O-O 18.b3 Nb6 19.Be3 Nd5 20.a3 Be7 21.Rhc1 f6 22.exf6 gxf6
23.Nc3 Nxe3 24.Kxe3 Rd7 25.b4 Rfd8 26.Rd1 Kf7 27.Rxd7 Rxd7 28.Rc1 a5 29.bxa5 Bxa3
30.Rb1 Bc5+ 31.Ke2 Ke7 32.Ne4 Bd4 33.Rb5 f5 34.Nc5 Bxc5 35.Rxc5 Kf6 36.Rb5 Rd4
37.Ke3 Re4+ 38.Kf3 Ra4 39.Rxb7 Rxa5 40.Rxh7 Ra3+ 41.Kf2 Ra2+ 42.Kg3 Ra3+
43.Kh4 Ra2 44.Kh3 Ra3+ 45.g3 Ra2 46.Rh6+ Kf7 47.Rh7+ Kf6 48.Rh6+ Kf7 49.g4 fxg4+
50.Kxg4 Kg7 51.Rxe6 Rxh2 52.Kg5 Ra2 53.Re7+ Kf8 54.Rb7 Ra5+ 55.f5 Ra6 56.Rd7 Rb6
57.Ra7 Rc6 58.f6 Rc1 59.Ra8+ Kf7 60.Ra7+ Kf8  1/2-1/2

[Event "BCF-ch"]
[Site "Hove"]
[Date "1997.08.06"]
[Round "3"]
[White "Anderton, Matthew"]
[Black "Pein, Malcolm"]
[Result "0-1"]
[WhiteElo "2240"]
[BlackElo "2430"]

1.e4 c5 2.c3 Nf6 3.e5 Nd5 4.d4 cxd4 5.Nf3 Nc6 6.Bc4 Nb6 7.Bb3 d5 8.exd6 Qxd6
9.O-O Be6 10.Na3 Bxb3 11.Qxb3 Qd5 12.Nb5 Rc8 13.Nfxd4 Nxd4 14.Nxd4 e6 15.Be3 Nc4
16.Bf4 Be7 17.Qa4+ Qd7 18.Qxd7+ Kxd7 19.Rad1 e5 20.Nf5+ Ke6 21.Nxe7 Kxe7
22.Bc1 Rhd8 23.b3 Nd6 24.Rfe1 Ke6 25.f4 e4 26.g4 g6 27.Ba3 f5 28.c4 b5 29.gxf5+ gxf5
30.Rd5 bxc4 31.Red1 Nf7 32.bxc4 Rxd5 33.cxd5+ Kd7 34.Rb1 Nd6 35.Rb2 Rc3 36.Bb4 Rc1+
37.Kf2 Nc4 38.Bd2 Nxb2  0-1

[Event "Montecatini Terme op"]
[Site "Montecatini Terme"]
[Date "1997.08.07"]
[Round "7"]
[White "Aldrovandi, Antonio"]
[Black "Petermann, Hubert"]
[Result "1-0"]
[WhiteElo "2220"]
[BlackElo "2135"]

1.e4 c5 2.c3 Nf6 3.e5 Nd5 4.d4 cxd4 5.Nf3 Nc6 6.cxd4 e6 7.Nc3 Nxc3 8.bxc3 d6
9.exd6 Bxd6 10.Bd3 Ne7 11.O-O Ng6 12.Re1 O-O 13.Be3 b6 14.Be4 Rb8 15.Qa4 Bb7
16.Bxb7 Rxb7 17.c4 Nh4 18.Nxh4 Qxh4 19.g3 Qe7 20.Rac1 Rc8 21.c5 bxc5 22.dxc5 Bxc5
23.Qa6 Rbb8 24.Qc4 Bb6 25.Qxc8+ Rxc8 26.Rxc8+ Bd8 27.Rd1 h6 28.Rcxd8+ Kh7
29.R8d7  1-0

[Event "Lost Boys op"]
[Site "Antwerp"]
[Date "1997.08.08"]
[Round "7"]
[White "Jonkman, Harmen"]
[Black "Middelburg, Tom"]
[Result "1-0"]
[WhiteElo "2365"]
[BlackElo "2245"]

1.e4 c5 2.c3 Nf6 3.e5 Nd5 4.Nf3 e6 5.d4 cxd4 6.cxd4 b6 7.Nc3 Nxc3 8.bxc3 Qc7
9.Bd2 Bb7 10.Bd3 d6 11.Ng5 dxe5 12.Qh5 g6 13.Qh3 Bg7 14.O-O Nd7 15.Rae1 a6
16.f4 e4 17.Bxe4 Bxe4 18.Rxe4 Qc6 19.f5 gxf5 20.Qxf5 O-O-O 21.Qxf7 Bh6 22.Rxe6 Qb5
23.Ne4 Nc5 24.Nxc5  1-0

[Event "MK Cafe op-A"]
[Site "Koszalin"]
[Date "1997.08.09"]
[Round "8"]
[White "Tseshkovsky, Vitaly"]
[Black "Sherbakov, Ruslan"]
[Result "0-1"]
[WhiteElo "2500"]
[BlackElo "2580"]

1.e4 c5 2.c3 Nf6 3.d3 Nc6 4.f4 d6 5.Nf3 e6 6.g3 Be7 7.Bg2 O-O 8.O-O Rb8 9.a4 b6
10.h3 d5 11.e5 Ne8 12.Na3 d4 13.Qe2 Na5 14.Nd2 Bb7 15.c4 Bxg2 16.Qxg2 Qd7
17.Nc2 f5 18.exf6 Bxf6 19.b4 cxb4 20.Nxb4 Nd6 21.g4 Rbc8 22.Ba3 Be7 23.Nc2 Ndb7
24.Bxe7 Qxe7 25.Ne4 Nb3 26.Rae1 N7c5 27.Nxc5 Nxc5 28.Nxd4 Qd6 29.Nb5 Qxd3
30.Nxa7 Ra8 31.Nc6 Qxc4 32.f5 Nd3 33.Rxe6 Nf4 34.Qe4 Qc5+ 35.Kh1 Nxe6 36.Qxe6+ Kh8
37.Ne5 Rad8 38.Nd7 Qc3 39.Nxf8 Qxh3+ 40.Kg1 Qxg4+ 41.Kh1 Qh3+ 42.Kg1 Qg3+
43.Kh1 Rd6 44.Ng6+ hxg6 45.fxg6 Qh4+ 46.Kg1 Qg5+ 47.Kh1 Qh5+ 48.Kg2 Rd2+
49.Rf2  0-1

[Event "MK Cafe op-A"]
[Site "Koszalin"]
[Date "1997.08.10"]
[Round "9"]
[White "Syrtlanov, Vil"]
[Black "Agamaliev, Djamil"]
[Result "0-1"]
[WhiteElo "2375"]
[BlackElo "2480"]

1.e4 c5 2.c3 Nf6 3.e5 Nd5 4.d4 cxd4 5.Nf3 Nc6 6.Bc4 Nb6 7.Bb3 d5 8.exd6 Qxd6
9.O-O Be6 10.Bxe6 Qxe6 11.Nxd4 Nxd4 12.Qxd4 Rd8 13.Qb4 g6 14.Na3 a6 15.Be3 Nd5
16.Qxb7 Nxe3 17.fxe3 Bh6 18.Qb3 Qxe3+ 19.Kh1 O-O 20.Rae1 Qg5 21.Nc4 e6 22.Qb7 Qb5
23.Qe4 Bg7 24.Qe2 a5 25.Ne3 Qb7 26.Rd1 a4 27.a3 h5 28.Kg1 Qc6 29.Qf3 Qb6
30.Rxd8 Qxd8 31.Rd1 Qb6 32.Qf2 Qb5 33.Rd2 Bh6 34.Qe2 Rb8 35.Kf2 Qe5 36.g3 Qe4
37.h4 Qh1 38.Rd1 Qc6 39.Nc4 Bf8 40.Ke1 Rb5 41.Rd4 Qh1+ 42.Qf1 Qh2 43.Rd3 Rd5
44.Nd2 Bd6 45.Ne4 Re5 46.Rxd6 Rxe4+ 47.Kd1 Qxg3 48.Rd2 Qxh4 49.Qb5 Re1+ 50.Kc2 Qe4+
51.Qd3 Qh1 52.Qd8+ Kh7 53.Qf8 Qe4+ 54.Rd3 Re2+ 55.Kc1 Qf4+ 56.Kb1 Re1+ 57.Ka2 Qc4+  0-1

[Event "MK Cafe op-A"]
[Site "Koszalin"]
[Date "1997.08.11"]
[Round "10"]
[White "Macieja, Bartlomiej"]
[Black "Kuczynski, Robert"]
[Result "1/2-1/2"]
[WhiteElo "2470"]
[BlackElo "2495"]

1.e4 c5 2.c3 Nf6 3.d3 Nc6 4.f4 d6 5.Nf3 Qc7 6.Qe2 g6 7.g3 Bg7 8.Bg2 O-O 9.O-O Rb8
10.h3 b5 11.g4 b4 12.c4 Nd7 13.f5 a5 14.Nbd2 e6 15.Kh1 Bb7 16.Qf2 Rbe8 17.Rb1 a4
18.h4 exf5 19.gxf5 gxf5 20.exf5 Nd4 21.Ne4 Nxf5 22.Bh3 Rxe4 23.dxe4 Bxe4
24.Bf4 Nd4 25.Bg2 Bxb1 26.Rxb1 Ne5 27.Nxd4 cxd4 28.Qxd4 Qxc4 29.Qxc4 Nxc4
30.b3 Na3 31.Rd1 axb3 32.axb3 Be5 33.Bd2 Rb8 34.Bd5 Kf8 35.Rf1 f6 36.Rg1 Rb5
37.Rg8+ Ke7 38.Rg7+ Kd8 39.Rg8+ Kc7 40.Rg7+ Kd8 41.Rg8+ Kc7 42.Rg7+  1/2-1/2

[Event "TCN Cup 3rd "]
[Site "Beijing"]
[Date "1997.08.15"]
[Round "6"]
[White "Sermek, Drazen"]
[Black "Atalik, Suat"]
[Result "0-1"]
[WhiteElo "2565"]
[BlackElo "2590"]

1.e4 c5 2.c3 Nf6 3.e5 Nd5 4.Nf3 Nc6 5.d4 cxd4 6.Bc4 e6 7.cxd4 d6 8.O-O Be7
9.Qe2 O-O 10.Qe4 Bd7 11.Bd3 f5 12.exf6 Nxf6 13.Qe2 Qa5 14.Nc3 Qh5 15.a3 Nd5
16.Be4 Rae8 17.Bd2 Nxc3 18.Bxc3 d5 19.Bd3 Bd6 20.h3 Re7 21.Qd1 Be8 22.Be2 Qh6
23.b4 Bh5 24.b5 Bxf3 25.Bxf3 Qf4 26.Re1 Nd8 27.Bb4 Qh2+ 28.Kf1 Nf7 29.Qd2 Bxb4
30.Qxb4 Rc7 31.Qd2 Ng5  0-1

[Event "ST Lee Cup 4th"]
[Site "Beijing"]
[Date "1997.08.25"]
[Round "3"]
[White "Karaklajic, Nikola"]
[Black "Atalik, Suat"]
[Result "1/2-1/2"]
[WhiteElo "2380"]
[BlackElo "2590"]

1.e4 c5 2.c3 Nf6 3.e5 Nd5 4.Nf3 Nc6 5.d4 cxd4 6.Bc4 e6 7.Bxd5 exd5 8.O-O d6
9.Re1 Be6 10.cxd4 dxe5 11.Nxe5 Nxe5 12.Rxe5 Bd6 13.Qa4+ Kf8 14.Re1 Qh4 15.g3 Qh3
16.Nc3 Bg4 17.Nxd5 Bf3 18.Nf4 Qc8 19.Qb3 Bg4 20.Bd2 Kg8 21.Nd3 h5 22.Bb4 Bxb4
23.Qxb4 Rh6 24.Ne5 Rb6 25.Qd2 Be6 26.Rac1 Qd8 27.b3 Rb5 28.Qe3 Qa5 29.Nd3 Qxa2
30.Nc5 Rb6 31.Qf3 Qd2 32.Nxe6 Rxe6 33.Red1 Rf6 34.Qxf6 Qxd1+ 35.Rxd1 gxf6
36.Kf1 a5 37.Ke2 b5 38.Kd3 Kf8 39.Re1 a4 40.bxa4 bxa4 41.Kc3 a3 42.Kb3 a2
43.Ra1 Rd8 44.Rxa2 Rxd4 45.Kc3 Rd5 46.Rd2 Ra5 47.Kd3 Kg7 48.Ke3 Kg6 49.Kf3 Ra4
50.Rd8 Ra3+  1/2-1/2

[Event "ST Lee Cup 4th"]
[Site "Beijing"]
[Date "1997.09.02"]
[Round "9"]
[White "Ni Hua"]
[Black "Simonovic, Aleksandar"]
[Result "0-1"]
[WhiteElo "2220"]
[BlackElo "2420"]

1.e4 c5 2.c3 Nf6 3.e5 Nd5 4.d4 cxd4 5.Nf3 d6 6.Bc4 Nb6 7.Bb3 d5 8.cxd4 Nc6
9.Nc3 Bg4 10.Be3 e6 11.h3 Bh5 12.O-O Be7 13.g4 Bg6 14.Ne1 h5 15.f4 hxg4 16.hxg4 Bb4
17.Nf3 Bxc3 18.bxc3 f6 19.Bc2 Bxc2 20.Qxc2 Qd7 21.Kg2 Nc4 22.Bf2 O-O-O 23.exf6 gxf6
24.Rh1 e5 25.f5 Rhg8 26.Kh3 e4 27.Nh4 Ne7 28.Qe2 Rg7 29.Bg3 Rdg8 30.Bf4 Rh7
31.Bg3 Nxf5 32.gxf5 Qxf5+ 33.Kg2 Rxg3+  0-1

[Event "Chania op 7th"]
[Site "Chania"]
[Date "1997.09.05"]
[Round "3"]
[White "Jenssen, Jens"]
[Black "Zahariev, Zahari"]
[Result "0-1"]
[WhiteElo "2155"]
[BlackElo "2410"]

1.e4 c5 2.c3 Nf6 3.e5 Nd5 4.d4 cxd4 5.Nf3 e6 6.cxd4 d6 7.Bc4 Nc6 8.O-O Be7
9.Nbd2 Nb6 10.Bb3 d5 11.Re1 g5 12.h3 Nd7 13.Nf1 Nf8 14.N3h2 Bd7 15.Ng4 h5
16.Nf6+ Bxf6 17.exf6 Qxf6 18.Bxd5 O-O-O 19.Be4 Ng6 20.Be3 Kb8 21.b4 Nce7
22.Qd2 Nf4 23.b5 Ned5 24.a4 Rhg8 25.Reb1 g4 26.hxg4 Rxg4 27.Bf3 Rg7 28.Ng3 Rdg8
29.Kf1 Nxg2 30.Kxg2 h4 31.Bxd5 exd5 32.Bf4+ Ka8 33.Be5 Qf5 34.Qf4 Qh3+ 35.Kf3 Rg4
36.Qf6 R4g6 37.Qf4 hxg3 38.Rh1 Qe6 39.fxg3 f6 40.Bd6 Rg4  0-1

[Event "Budapest FS09 IM"]
[Site "Budapest"]
[Date "1997.09.12"]
[Round "7"]
[White "Demkovich, Anatoliy"]
[Black "Dudas, Janos"]
[Result "0-1"]
[WhiteElo "2390"]
[BlackElo "2400"]

1.e4 c5 2.c3 Nf6 3.e5 Nd5 4.d4 cxd4 5.Nf3 e6 6.cxd4 b6 7.Nc3 Nxc3 8.bxc3 Qc7
9.Bd2 d6 10.Bd3 Nd7 11.Ng5 Bb7 12.Qh5 g6 13.Qh3 Be7 14.exd6 Qxd6 15.O-O Rc8
16.Ne4 Bxe4 17.Bxe4 O-O 18.Qf3 Qa3 19.Rfe1 Nf6 20.Bc2 b5 21.Bb3 Rfd8 22.Bc1 Qa5
23.Bg5 Qxc3 24.Qe2 Nd5 25.Bxe7 Nxe7 26.Bxe6 Rc7 27.Bb3 a6 28.Rad1 Nf5 29.d5 Re7
30.Qf1 Rxe1 31.Rxe1 Nd4 32.Re3 Qd2 33.h3 Nxb3 34.axb3 Qxd5 35.Qe1 Qd1 36.Kf1 Kg7
37.Re7 Qxb3 38.Qe5+ Kf8 39.Kg1 b4 40.Kh2 Qc3 41.Qe2 Qc5 42.Re5 Qd6 43.g3 Qb6
44.Re3 a5 45.h4 h5 46.g4 Qd6+ 47.Rg3 hxg4 48.Qxg4 b3 49.Qe2 Qd2 50.Qxd2 Rxd2
51.Rxb3 Rxf2+ 52.Kg3 Rf5 53.Rb7 Kg7 54.Ra7 Rb5 55.Kg4 Rb4+ 56.Kg5 a4 57.h5 Rb5+
58.Kg4 Rxh5 59.Rxa4 f5+ 60.Kf4 Kh6 61.Ra8 Rh4+ 62.Ke5 Kg5 63.Ke6 Rb4 64.Ra1 Re4+
65.Kf7 f4 66.Ra5+ Kg4 67.Kxg6 Re6+  0-1

[Event "EU-ch U20 Girls"]
[Site "Tallinn"]
[Date "1997.09.12"]
[Round "3"]
[White "Iltchouk, Elena"]
[Black "Cmilyte, Viktorija"]
[Result "1/2-1/2"]
[WhiteElo "2180"]
[BlackElo "2220"]

1.e4 c5 2.c3 Nf6 3.e5 Nd5 4.g3 d6 5.exd6 e6 6.Bg2 Bxd6 7.Ne2 Nc6 8.O-O O-O
9.d4 cxd4 10.Nxd4 Nxd4 11.Qxd4 Qc7 12.Nd2 Bc5 13.Qe4 f5 14.Qe2 Bd7 15.Nb3 Bd6
16.c4 Nf6 17.c5 Bxc5 18.Bf4 Bd6 19.Rac1 Qb8 20.Nc5 e5 21.Nxd7 Nxd7 22.Rfd1 Nb6
23.Be3 e4 24.Bxb6 axb6 25.Qc4+ Kh8 26.Qe6 Rf6 27.Qd7 Bc5 28.b4 Bxb4 29.Rc7 Qf8
30.Rxb7 Bc5 31.Qc7 Re8 32.Qf4 Rd6 33.Rxd6 Bxd6 34.Qd2 Rb8 35.Rxb8 Qxb8 36.h3 h6
37.g4 Qd8 38.Qe2 Qg5 39.gxf5 Qc1+ 40.Bf1 Qf4 41.Bg2 Qc1+ 42.Bf1 Qb1 43.Qc4 e3
44.Qc8+ Kh7 45.Qe6 e2 46.Qxe2 Qxf5 47.Qd3  1/2-1/2

[Event "Banicky Kahanec"]
[Site "Prievidza"]
[Date "1997.09.13"]
[Round "7"]
[White "Pisk, Petr"]
[Black "Hanko, Pavel"]
[Result "1-0"]
[WhiteElo "2340"]
[BlackElo "2175"]

1.e4 c5 2.c3 Nf6 3.e5 Nd5 4.Nf3 Nc6 5.Bc4 e6 6.O-O d6 7.exd6 Qxd6 8.d4 cxd4
9.Nxd4 Nb6 10.Bb5 Bd7 11.Nxc6 Qxd1 12.Rxd1 Bxc6 13.Bxc6+ bxc6 14.b3 Be7 15.Nd2 Rd8
16.c4 Bb4 17.Kf1 a5 18.Ke2 Nd7 19.Bb2 Nc5 20.Nf3 Ne4 21.Rxd8+ Kxd8 22.Ne5 Kc7
23.Nxf7 Rf8 24.f3 Nc3+ 25.Kd3 Nxa2 26.Bxg7 Rxf7 27.Be5+ Kb6 28.Rxa2 Rd7+
29.Ke2 Kc5 30.Bf4 Bc3 31.Bd2 Bxd2 32.Rxd2 Rb7 33.Rd3 a4 34.bxa4 Kxc4 35.Ra3 Rb2+
36.Kf1 Kb4 37.Ra1 Ka5 38.Rc1 Rb6 39.Rc4 Rb1+ 40.Kf2 Kb6 41.Re4 Rb2+ 42.Kg3 Ra2
43.h4 h5 44.Rxe6 Rxa4 45.Re5 c5 46.Rxh5 c4 47.Rh8 Ra5 48.Kf4 Rc5 49.Rb8+ Kc7
50.Rb1 Kd6 51.Ke4 Rh5 52.g3 Kc5 53.f4 Rh8 54.f5 Re8+ 55.Kf4 c3 56.Rc1 Kc4
57.g4 Kd3 58.f6 Kd2 59.Ra1 Re1 60.Ra2+ c2 61.Kf5 Kd3 62.Rxc2 Kxc2 63.f7 Kd3
64.Kf6 Ke4 65.f8=Q Rf1+ 66.Ke7 Rxf8 67.Kxf8 Kf4 68.g5 Kf5 69.Kf7 Kg4 70.g6 Kxh4
71.g7  1-0

[Event "Budapest FS09 IM"]
[Site "Budapest"]
[Date "1997.09.16"]
[Round "11"]
[White "Blauert, Joerg"]
[Black "Demkovich, Anatoliy"]
[Result "0-1"]
[WhiteElo "2385"]
[BlackElo "2390"]

1.e4 c5 2.c3 Nf6 3.e5 Nd5 4.d4 cxd4 5.cxd4 e6 6.Nf3 d6 7.Bc4 Nb6 8.Bb3 dxe5
9.Nxe5 Nc6 10.Nf3 Bb4+ 11.Nc3 Nd5 12.Bd2 O-O 13.O-O Be7 14.Nxd5 exd5 15.h3 Bf6
16.Bf4 Re8 17.Re1 Rxe1+ 18.Qxe1 Bf5 19.Be5 Be7 20.Rc1 Be4 21.Qe3 Rc8 22.Nd2 Bg6
23.Nf3 a6 24.Bf4 f6 25.Nh4 Bf7 26.Nf5 Bf8 27.Qd2 Qd7 28.Ne3 Re8 29.Bg3 Bb4
30.Qd3 Ba5 31.Rc5 Bb6 32.Rxd5 Qe7 33.Bd6 Qe4 34.Qxe4 Rxe4 35.Bc5 Bxc5 36.dxc5 Rb4
37.Rd3 Bxb3 38.Rxb3 Rxb3 39.axb3 Ne5 40.b4 Kf7 41.Kf1 Nd3 42.Nf5 Nxb4 43.Nd6+ Ke6
44.Nxb7 Kd5 45.Ke2 Kc6 46.Nd8+ Kxc5 47.Ne6+ Kc4 48.Nxg7 Kb3 49.Ne6 Kxb2 50.Ke3 a5
51.Nc5 Kc3 52.Ke4 Kc4 53.Na4 Na2 54.Kf5 Kb4 55.Nb2 Nc1 56.Kxf6 Kb3 57.f4 Kxb2
58.f5 a4 59.Ke7 Nd3 60.f6 a3 61.f7 Ne5  0-1